ბათუმის შოთა რუსთაველის სახელმწიფო უნივერსიტეტის ბიბლიოთეკა

გრიგოლ წულუკიძე (1889–1950) : (ბიბ.ჩანაწერი № 37788)

000 -ლიდერი
ფიქსირებული სიგრძის საკონტროლო ველი 01278nam a2200241Ia 4500
001 - საკონტროლო ნომერი
საკონტროლო ველი 3765
003 - საკონტროლო ნომრის იდენტიფიკატორი
საკონტროლო ველი GE_BSU
005 - ბოლო ოპერაციის თარიღი და დრო
საკონტროლო ველი 20190812172852.0
008 - ფიქსირებული სიგრძის მონაცემთა ელემენტები - ზოგადი ინფორმაცია
ფიქსირებული სიგრძის საკონტროლო ველი 181216s1983||||ge |||||||||||||| ||geo||
040 ## - კატალოგიზაციის წყარო
Transcribing agency GE_BSU
041 ## - ენის კოდი
Language code of text/sound track or separate title geo
080 ## - უნივერსალური ათობითი კლასიფიკაციის ინდექსი
Universal Decimal Classification number 016:622 წ–87
245 ## - ცნობა სათაურის შესახებ
Title გრიგოლ წულუკიძე (1889–1950) :
Remainder of title ბიობიბლიოგრაფია /
Statement of responsibility, etc საქ. სსრ მეცნ. აკად., ცენტრ. სამეცნ. ბიბ-კა ; [შემდგ.: გ. მგელაძე, ი. მელიქიძე ; რედ.: ა. ძიძიგური, ს. ხადური.
264 ## - წარმოების, გამოცემის, დისტრიბუციის და სხვა ცნობები
გამოცემის, წარმოების, დისტრიბუციის... ადგილი თბილისი :
გამოცემის, წარმოების, დისტრიბუციის... სახელწოდება მეცნიერება,
გამოცემის, წარმოების, დისტრიბუციის... თარიღი 1983.
300 ## - ფიზიკური აღწერა
Extent 88 გვ. ;
Other physical details 21 სმ.
440 ## - სერიის ცნობა / დამატებულია ჩანაწერი - სათაური
Title ქართველი მეცნიერები
9 (RLIN) 3525
600 ## - SUBJECT ADDED ENTRY--PERSONAL NAME
Personal name წულუკიძე გრიგოლ
9 (RLIN) 3526
653 ## - INDEX TERM--UNCONTROLLED
Uncontrolled term სამთო საქმე - ბიბლიოგრაფია
653 ## - INDEX TERM--UNCONTROLLED
Uncontrolled term წულუკიძე გრიგოლ-ბიობიბლიოგრაფია
700 ## - ADDED ENTRY--PERSONAL NAME
Personal name ძიძიგური, ა.
Relator term რედაქტორი
9 (RLIN) 3527
700 ## - ADDED ENTRY--PERSONAL NAME
Personal name ძიძიგური, ა.
Relator term რედაქტორი
9 (RLIN) 3528
942 ## - ADDED ENTRY ELEMENTS (KOHA)
Koha item type წიგნი
Source of classification or shelving scheme
ეგზემპლარები
ჩამოწერის სტატუსი დაკარგული ეგზემპლარის სტატუსი კლასიფიკაციის წყარო ან თაროზე გაწყობის სქემა დაზიანების სტატუსი არ გაიცემა მუდმივი მდებარეობა (დაცვის ადგილი) ამჟამინდელი ადგილსამყოფელი თაროზე განთავსების ადგილი შეძენის თარიღი ღირებულება, შესყიდვის ნორმალური ფასი სრული შენახვის შიფრი შტრიხკოდი ბოლო ოპერაციის თარიღი ეგზემპლარის მიმდევრობითი ნომერი (კეტერი?) ფასის ძალაში შესვლის თარიღი ეგზემპლარის სახეობა საჯარო შენიშვნა
          ბათუმის შოთა რუსთაველის სახელმწიფო უნივერსიტეტის მთავარი ბიბლიოთეკა ბათუმის შოთა რუსთაველის სახელმწიფო უნივერსიტეტის მთავარი ბიბლიოთეკა წიგნსაცავი 2018-12-17 1.00 016:622 წ–87 5388 2018-12-17 5388 2018-12-17 წიგნი 1 ლ.